BIBLIOTHÈQUE DE LA MAISON DU MEXIQUE

Logo 1 Logo 2

Selected poems of Pablo Neruda (notice nᵒ 12125)

détails MARC
000 -Sello discográfico
campo de control de longitud fija 00979nam a2200313 4500
005 - Identificación de versión
campo de control 20251016083653.0
099 ## - fechas locales
Tipo de ítem Koha LIBRO
100 ## - Datos de procesamiento general
Datos de procesamiento general 19930801d1961 m y1spay5003 ba
101 ## - Idioma del recurso
Idioma del texto, banda sonora, etc. Inglés
-- Español; Castellano
105 ## - Campo de datos codificados: Material textual, monográfico
Datos codificados de monografía y 001gy
200 1# - Título y mención de responsabilidad
Título propio Selected poems of Pablo Neruda
Designación general del material texto impreso
Primer mención de responsabilidad Pablo Neruda
Declaración de responsabilidad subsiguiente edition and translation Ben Belitt
-- introduction Luis Monguió
210 ## - Publicación, distribución, etc.
Lugar de publicación, distribución, etc. New York
Nombre del editor, distribuidor, etc. Grove Press
Fecha de publicación, distribución, etc. 1961
215 ## - Descripción física
Designación de material específico y extensión del ítem 320 p
Dimensiones 21 cm
300 ## - Notas generales
Texto de la nota A bilingual edition
345 ## - Nota de información de adquisición
Fuente de adquisición/dirección de la suscripción [OBSOLETO] Donación Daniel Lebidois
410 #1 - Series
Título Evergreen Book
Número de volumen E-364
606 ## - Término temático usado como materia
Elemento de entrada Poesía chilena
Subdivisión cronológica Siglo XX
Número Koha 1187
660 ## - Código de área geográfica
Código MX
700 ## - Nombre personal - Responsabilidad primaria
Elemento de entrada Neruda
Parte del nombre distinta del elemento de entrada Pablo
Fechas 1904-1973
Número Koha 1188
702 ## - Nombre personal - Responsabilidad secundaria
Elemento de entrada Belitt
Parte del nombre distinta del elemento de entrada Ben
Fechas 1911-2003
Número Koha 18741
702 ## - Nombre personal - Responsabilidad secundaria
Elemento de entrada Monguió Primatesta
Parte del nombre distinta del elemento de entrada Luis
Fechas 1908-2005
Número Koha 7479
801 #0 - Fuente de origen
Agencia cm
900 ## -
-- 1/8854
900 ## -
-- 710934514\\010893
942 ## - ELEMENTOS DE ENTRADA SECUNDARIOS (KOHA)
Tipo de ítem Koha Livre
996 ## -
-- MEX
-- 751145101
-- MMAG
-- 006787
-- CH861.4 N454BE
-- 20220711LIV
Exemplaires
Estatus retirado Estado de daño Estado de pérdida Fecha de adquisición Biblioteca de origen Biblioteca actual Ubicación en estantería Código de barras Precio de reemplazo Signatura topográfica completa No para préstamo Tipo de ítem Koha Nota pública Nota no pública
      05/08/2025 Casa México Paris Casa México Paris   006787 05/08/2025 CH861.4 N454BE   Livre 20220711LIV 751145101